Statistiques concernant Pays organisateurs des grands événements sportifs (années en xxx2)

Cliquez ici pour prendre le quiz!

Statistiques générales

  • Ce quiz a été pris 56 fois
  • Le résultat moyen est 9 sur 13

Statistiques - réponses

CompétitionPays organisateur% Correct
Jeux Olympiques 2012Royaume-Uni
98%
Coupe du Monde 2022Qatar
96%
Coupe du Monde 2002Corée du Sud et Japon
91%
Jeux Olympiques 1992Espagne
83%
Euro 2012Pologne et Ukraine
81%
Coupe du Monde 1982Espagne
74%
Jeux Olympiques 1972Allemagne
68%
Coupe du Monde 1962Chili
55%
Euro 1992Suède
55%
Jeux Olympiques 1952Finlande
53%
Jeux Olympiques 1932Etats-Unis
51%
Jeux Olympiques 1912Suède
45%
Euro 1972Belgique
40%

Distribution des résultats

Percentile par nombre de réponses

% des personnes avec chaque résultat

Votre développement - résultats

Vous n’avez pas pris ce quiz